000
00308nam a2200121Ia 4500
008
180323s9999 xx 000 0 und d
020
_a
9831872924
100
_a
Chuah Hong Hoon
245
_a
First multi-skill workbook /
250
_a
1st ed
260
_a
Malaysia :
_b
2005
_c
Rhythm pub
300
_a
205 pages
999
_c
356350
_d
356350